000 00945 a2200229 4500
020 _a0070636028
040 _aDLC
_bDLC
082 0 0 _a005.7585
100 1 _aBobrowski, Steven M.
245 1 0 _aHands-on Oracle database 10g express edition for Linux
_cSteve Bobrowski
246 3 0 _aOracle database 10g express edition for Linux
260 _aNew Delhi :
_bTata McGraw-Hill,
_cc2006.
300 _axxvii, 525 p. :
_bill. ;
_c24 cm.
500 _a"Oracle Press."
500 _aIncludes index. Indian print : 0070636028
650 0 _aDatabase management.
650 0 _aOnline databases.
856 4 2 _3Contributor biographical information
_uhttp://www.loc.gov/catdir/enhancements/fy0642/2006286344-b.html
856 4 2 _3Publisher description
_uhttp://www.loc.gov/catdir/enhancements/fy0642/2006286344-d.html
856 4 2 _3Table of contents only
_uhttp://www.loc.gov/catdir/enhancements/fy0642/2006286344-t.html
942 _cBK
_k005.7585 BOB
_2ddc
999 _c6582
_d6582